مداخل التسويق المتقدم / (رقم التسجيلة. 27288)

تفاصيل مارك
000 -الفاتح
حقل البيانات ثابتة الطول 00769nam a22002177a 4500
003 - محدد رقم الضبط
رقم الضبط OSt
005 - وقت وتاريخ اخر تعامل مع التسجيلة
رقم الضبط 20150408114113.0
008 - عناصر البيانات ثابتة الطول - معلومات عامة
حقل البيانات ثابتة الطول 130130s 2012jo ||||g |||| 00| 0 ara d
040 ## - مصدر الفهرسة
وكالة الفهرسة الأصلية Ma-un
082 ## - رقم تصنيف ديوى العشرى
رقم الطبعة 21
رقم التصنيف 658.8
رقم المادة ص م م
100 ## - المدخل الرئيسى - إسم شخصى
الإسم الشخصى الصميدعي، محمود جاسم
9 (RLIN) 20223
245 ## - بيان العنوان
العنوان مداخل التسويق المتقدم /
بيان المسئوليه,etc محمود جاسم محمد الصميدعي.
250 ## - بيان الطبعة
بيان الطبعة ط. 1.
260 ## - PUBLICATION, DISTRIBUTION, ETC. (IMPRINT)
مكان الناشر او الموزع عمان، الأردن :
اسم الناشر او الموزع دار زهران للنشر والتوزيع،
تاريخ النشر أو التوزيع 2012
300 ## - الوصف المادى
التعداد 432 ص :
تفاصيل ماديه اخرى للوعاء ايض. ؛
أبعاد الوعاء 24 سم.
500 ## - تبصرة عامة
تبصرة عامة يشتمل علي ملاحق
504 ## - تبصرة ببليوجرافية
تبصرة ببليوجرافية,الخ ببليوجرافية : 397- 402
650 ## - المدخل الاضافى بالموضوع-مصطلح موضوعى
9 (RLIN) 9898
مصطلح موضوعي أو اسم جغرافي كعنصر مدخل إدارة التسويق
650 ## - المدخل الاضافى بالموضوع-مصطلح موضوعى
9 (RLIN) 9901
مصطلح موضوعي أو اسم جغرافي كعنصر مدخل التسويق
التقسيم الفرعي العام بحوث
942 ## - عناصر المدخل الإضافي( كوها)
مصدر التصنيف او مخطط الترفيف Dewey Decimal Classification
Koha [default] item type كتاب
المقتنيات
حالة الفقد نموذج السعر الفعال حالة تلف ليس للاعارة رقم الطلب رقم النسخة تاريخ الاكتساب الموقع الحالي الباركود الفرع الرئيسي Date last seen نوع المادة فى نظام كوها مصدر التصنيف او خطة الترفيف Total Checkouts Date last checked out
  2013-03-10   Not For Loan 658.8 ص م م 1 2013-01-30 المكتبة المركزية بالمجمعة (CL) 00302501 المكتبة المركزية بالمجمعة (CL) 2013-03-10 كتاب Dewey Decimal Classification    
  2013-03-10     658.8 ص م م 2 2013-01-30 المكتبة المركزية بالمجمعة (CL) 00302502 المكتبة المركزية بالمجمعة (CL) 2013-03-10 كتاب Dewey Decimal Classification    
  2013-03-10     658.8 ص م م 3 2013-01-30 المكتبة المركزية بالمجمعة (CL) 00302503 المكتبة المركزية بالمجمعة (CL) 2014-12-18 كتاب Dewey Decimal Classification 1 2014-12-15
  2013-03-10   Not For Loan 658.8 ص م م 1 2013-01-30 مكتبة كلية العلوم و الدراسات الإنسانية برماح - طالبات (SRF) 00302504 مكتبة كلية العلوم و الدراسات الإنسانية برماح - طالبات (SRF) 2013-03-10 كتاب Dewey Decimal Classification    
  2013-03-10     658.8 ص م م 2 2013-01-30 مكتبة كلية العلوم و الدراسات الإنسانية برماح - طالبات (SRF) 00302505 مكتبة كلية العلوم و الدراسات الإنسانية برماح - طالبات (SRF) 2017-03-29 كتاب Dewey Decimal Classification 1 2017-03-23
  2013-03-10   Not For Loan 658.8 ص م م 1 2013-01-30 مكتبة كلية العلوم و الدراسات الإنسانية برماح - طلاب (SRM) 00302506 مكتبة كلية العلوم و الدراسات الإنسانية برماح - طلاب (SRM) 2013-03-10 كتاب Dewey Decimal Classification    
  2013-03-10     658.8 ص م م 2 2013-01-30 مكتبة كلية العلوم و الدراسات الإنسانية برماح - طلاب (SRM) 00302507 مكتبة كلية العلوم و الدراسات الإنسانية برماح - طلاب (SRM) 2013-03-10 كتاب Dewey Decimal Classification